Tổ chức hành chánh địa phương Việt Nam : Luận văn tốt nghiệp

Đề tài trình bày lý thuyết địa phương phân quyền, tổ chức hành chính địa phương Việt Nam hiện tại, tổ chức hành chính địa phương Việt Nam theo chiều hướng mới của hiến pháp.

محفوظ في:
التفاصيل البيبلوغرافية
المؤلف الرئيسي: Trần, Văn Nhã
التنسيق: كتاب
اللغة:Undetermined
منشور في: Sài Gòn Học viện Quốc Gia Hành Chánh 1971
الموضوعات:
الوسوم: إضافة وسم
لا توجد وسوم, كن أول من يضع وسما على هذه التسجيلة!
Thư viện lưu trữ: Trung tâm Học liệu Trường Đại học Cần Thơ
LEADER 01028nam a2200217Ia 4500
001 CTU_26454
008 210402s9999 xx 000 0 und d
082 |a 352.14 
082 |b Nh100 
100 |a Trần, Văn Nhã 
245 0 |a Tổ chức hành chánh địa phương Việt Nam : 
245 0 |b Luận văn tốt nghiệp 
245 0 |c Trần Văn Nhã ; Nguyễn Văn Tương (Người hướng dẫn) 
260 |a Sài Gòn 
260 |b Học viện Quốc Gia Hành Chánh 
260 |c 1971 
520 |a Đề tài trình bày lý thuyết địa phương phân quyền, tổ chức hành chính địa phương Việt Nam hiện tại, tổ chức hành chính địa phương Việt Nam theo chiều hướng mới của hiến pháp. 
650 |a Administrative law,Public adminstration 
650 |z Vietnam 
904 |i Nguyễn Quang Điền,Hải 
980 |a Trung tâm Học liệu Trường Đại học Cần Thơ